ARRUPE JESUIT UNIVERSITY

CORONAVIRUS -STOP THE SPREAD - CLEAN,DISINFECT,COVER

The Liturgy in the Catechism (Record no. 119802)

MARC details
000 -LEADER
fixed length control field 00471nam a22001457a 4500
008 - FIXED-LENGTH DATA ELEMENTS--GENERAL INFORMATION
fixed length control field 140130b xxu||||| |||| 00| 0 eng d
020 ## - INTERNATIONAL STANDARD BOOK NUMBER
International Standard Book Number 0-225-66790-8
050 ## - LIBRARY OF CONGRESS CALL NUMBER
Classification number BX1970.D858 1995
100 ## - MAIN ENTRY--PERSONAL NAME
Personal name Duffy, Regis OFM
9 (RLIN) 7435
245 ## - TITLE STATEMENT
Title The Liturgy in the Catechism
Remainder of title celebrating God's wisdom and love
Statement of responsibility, etc Regis Duffy OFM
260 ## - PUBLICATION, DISTRIBUTION, ETC. (IMPRINT)
Place of publication, distribution, etc New York
Name of publisher, distributor, etc Geoffrey Chapman
Date of publication, distribution, etc 1995
300 ## - PHYSICAL DESCRIPTION
Extent vii, 95p. ;
Dimensions 22cm.
650 ## - SUBJECT ADDED ENTRY--TOPICAL TERM
Topical term or geographic name as entry element Liturgy
General subdivision Catholic Church
9 (RLIN) 7436
942 ## - ADDED ENTRY ELEMENTS (KOHA)
Source of classification or shelving scheme Library of Congress Classification
Item type Monograph ( Printed materials)
Holdings
Withdrawn status Lost status Source of classification or shelving scheme Damaged status Not for loan Collection code Home library Current library Shelving location Date acquired Total Checkouts Full call number Barcode Date last seen Price effective from Koha item type
    Library of Congress Classification     Main Collection ARRUPE LIBRARY ARRUPE LIBRARY Main Collection 30/01/2014   BX1970.D858 1995 46412084 22/11/2017 30/01/2014 Monograph ( Printed materials)

 

Arrupe Library. PO Box MP320 Mt Pleasant, Harare, Zimbabwe
263 242 745411|librarian@aju.ac.zw